computer systems design and architecture / (Record no. 33593)

000 -LEADER
fixed length control field 00453nam a22001817a 4500
003 - CONTROL NUMBER IDENTIFIER
control field NUST
020 ## - INTERNATIONAL STANDARD BOOK NUMBER
International Standard Book Number 9788177584837
038 ## - RECORD CONTENT LICENSOR
Staff Name khadija
082 ## - DEWEY DECIMAL CLASSIFICATION NUMBER
Classification number 004.21
Author Mark HEU
100 ## - MAIN ENTRY--PERSONAL NAME
Personal name Venkatesh, G. T.
9 (RLIN) 81602
245 ## - TITLE STATEMENT
Title computer systems design and architecture /
250 ## - EDITION STATEMENT
Edition statement 2nd ed
260 ## - PUBLICATION, DISTRIBUTION, ETC.
Place of publication, distribution, etc. New Delhi : Size:
Name of publisher, distributor, etc. Dorling kindersley
Date of publication, distribution, etc. 2013.
300 ## - PHYSICAL DESCRIPTION
Extent 1004 p : ,
Other physical details 25 cm.
500 ## - GENERAL NOTE
General note Paperback.
563 ## - BINDING INFORMATION
Binding note paper back
942 ## - ADDED ENTRY ELEMENTS (KOHA)
Koha item type Book
Source of classification or shelving scheme
Holdings
Withdrawn status Lost status Source of classification or shelving scheme Damaged status Not for loan Permanent Location Current Location Shelving location Date acquired Full call number Barcode Date last seen Price effective from Koha item type Public note
          School of Mechanical & Manufacturing Engineering (SMME) School of Mechanical & Manufacturing Engineering (SMME) General Stacks 05/09/2016 004.21 HEU SMME-2683 04/05/2018 05/09/2016 Book Rack,50-Shelf,3
© 2023 Central Library, National University of Sciences and Technology. All Rights Reserved.